La vergine dei sicari /

Guardat en:
Dades bibliogràfiques
Autor principal: Vallejo, Fernando (Autor)
Altres autors: Dallorso, Elena
Format: Llibre
Idioma:italià
Publicat: Parma : U. Guanda, \1999!
Col·lecció:Prosa contemporanea
Etiquetes: Afegir etiqueta
Sense etiquetes, Sigues el primer a etiquetar aquest registre!

MARC

LEADER 00000nam a22000007i 4500
001 IT\ICCU\TO0\0762384
003 ItRI
005 20241224184931.0
008 990902s1999 it |||||| ||||| |||||c
020 |a 8882460614 
040 |b ita  |c C 
041 7 |a ita  |2 ISO-639-2 
082 |a 863  |2 19 
100 1 |a Vallejo, Fernando  |0 IT\ICCU\TO0V\329845  |4 aut 
240 1 3 |a La virgen de los sicarios.  |9 Vallejo, Fernando 
245 1 3 |a La vergine dei sicari /  |c Fernando Vallejo ; traduzione di Elena Dallorso. 
260 |a Parma :  |b U. Guanda,  |c \1999! 
300 |a 124 p. ;  |c 20 cm. 
700 1 |a Dallorso, Elena  |0 IT\ICCU\RAVV\084440 
830 0 |a Prosa contemporanea  |0 IT\ICCU\CFI\0003884 
942 |2 ddc  |c BK 
952 |0 0  |1 0  |2 ddc  |4 0  |6 245_863_000000000000000_VAL_VER  |7 1  |9 954  |a MO  |b MO  |d 2024-03-07  |l 0  |o [245] 863 VAL VER  |p 9129  |r 2024-03-07 20:55:43  |w 2024-03-07  |y BK 
952 |0 0  |1 0  |2 ddc  |4 0  |6 863_000000000000000_VALL_LAV  |7 1  |9 2358  |a RN  |b RN  |d 2024-12-24  |l 0  |o 863 VALL LAV  |p 9811  |r 2024-12-24 12:36:01  |w 2024-12-24  |y BK 
981 1 |6 z01  |a i   |b xxxe  
982 1 |6 z01  |a n 
999 |c 886  |d 886